पत्रकारिता की रूपरेखा / (Record no. 118186)

MARC details
000 -LEADER
fixed length control field 01174nam a22002537a 4500
005 - DATE AND TIME OF LATEST TRANSACTION
control field 20170124103107.0
010 ## - LIBRARY OF CONGRESS CONTROL NUMBER
LC control number B-082051
020 ## - INTERNATIONAL STANDARD BOOK NUMBER
Terms of availability 00.00
International Standard Book Number 8188837148
035 ## - SYSTEM CONTROL NUMBER
System control number B-082051
037 ## - SOURCE OF ACQUISITION
Source of stock number/acquisition Cen Lib/Ret
040 ## - CATALOGING SOURCE
Original cataloging agency DPL
Language of cataloging HN
082 ## - DEWEY DECIMAL CLASSIFICATION NUMBER
Classification number 070.4
Item number शर्माश्री
100 ## - MAIN ENTRY--PERSONAL NAME
Personal name शर्मा, श्रीपाल
9 (RLIN) 78754
245 ## - TITLE STATEMENT
Title पत्रकारिता की रूपरेखा /
Statement of responsibility, etc श्रीपाल शर्मा
Remainder of title
246 ## - VARYING FORM OF TITLE
Title proper/short title Patrkarita ki rooprekha /
Remainder of title by Shreepal Sharma
260 ## - PUBLICATION, DISTRIBUTION, ETC. (IMPRINT)
Place of publication, distribution, etc नयी दिल्ली
Name of publisher, distributor, etc सुमित एन्तेर्प्रिज़ेसेस
Date of publication, distribution, etc 2003
270 ## - ADDRESS
City नयी दिल्ली
Postal code 110002
Address 4675/21, अंसारी रोड, दरियागंज
300 ## - PHYSICAL DESCRIPTION
Extent viii,261पृ.
Dimensions 19सेमी (सजिल्द)
650 ## - SUBJECT ADDED ENTRY--TOPICAL TERM
Topical term or geographic name as entry element हिंदी--पत्रकारिता
9 (RLIN) 1191
650 ## - SUBJECT ADDED ENTRY--TOPICAL TERM
Topical term or geographic name as entry element हिंदी--पत्रकारिता--रूपरेखा
9 (RLIN) 78755
650 ## - SUBJECT ADDED ENTRY--TOPICAL TERM
Topical term or geographic name as entry element Hindi--journalism
9 (RLIN) 43511
650 ## - SUBJECT ADDED ENTRY--TOPICAL TERM
Topical term or geographic name as entry element Hindi - journalism - Profile
9 (RLIN) 78756
942 ## - ADDED ENTRY ELEMENTS (KOHA)
Source of classification or shelving scheme Dewey Decimal Classification
Koha item type Hindi Books
Classification part 070.4
Call number suffix शर्माश्री
Holdings
Withdrawn status Lost status Damaged status Not for loan Home library Current library Date acquired Source of acquisition Cost, normal purchase price Total Checkouts Total Renewals Full call number Barcode Date last seen Date checked out Copy number Cost, replacement price Price effective from Koha item type
        Central Library Central Library 10/09/2015 Cen Lib/Ref 0.00 1 1 070.4 शर्माश्री B-082051 25/01/2020 30/12/2019 1 0.00 10/09/2015 Hindi Books

© Delhi Public Library
Hit Counter
free hit counter